Tutka /

Hlavní autor: Nenadál, Radoslav, 1929-2018
Jazyk: Čeština
Vydáno: Praha : Arista Books, 2014
Vydání: První vydání
Témata:
Fyzický popis: 132 stran ; 21 cm
Knihy
Uloženo v:
LEADER 01144cam a2200361 i 4500
001 nkc20142607859
003 CZ PrNK
005 20160720100403.0
007 ta
008 140729s2014 xr g 000 j cze d
015 |a cnb002607859 
020 |a 978-80-87867-16-7  |q (brožováno) 
035 |a (OCoLC)918005493 
040 |a KLG001  |b cze  |d ABA001  |e rda 
072 7 |a 821.162.3-3  |x Česká próza  |2 Konspekt  |9 25 
080 |a 821.162.3-32  |2 MRF 
080 |a (0:82-32)  |2 MRF 
100 1 |a Nenadál, Radoslav,  |d 1929-2018  |7 jk01083165  |4 aut 
245 1 0 |a Tutka /  |c Radoslav Nenadál 
250 |a První vydání 
264 1 |a Praha :  |b Arista Books,  |c 2014 
300 |a 132 stran ;  |c 21 cm 
336 |a text  |b txt  |2 rdacontent 
337 |a bez média  |b n  |2 rdamedia 
338 |a svazek  |b nc  |2 rdacarrier 
505 0 0 |t Komínek --  |t Tutka --  |t Hrobník 
655 7 |a české povídky  |7 fd133971  |2 czenas 
655 9 |a Czech short stories  |2 eczenas 
910 2 |a BOA001  |b 2-1369.814 
920 |a 0967477  |z KLG001 
990 |a BK 
995 |a 01 
996 6 |b 2610676636  |c 2-1369.814  |l MZK  |r Sklad / do 1 hodiny  |n 1  |p p.v.  |w 001571038  |u 000010  |a 1  |e BOA001  |j MZK50  |s P